000 00643cam a22002411 4500
001 sa 65007077
003 DLC
005 20260227112147.0
008 890609s1965 ii c b 000 0 hino
010 _asa 65007077
035 _a(OCoLC)19844194
040 _aDLC
_cWaU
_dDLC
042 _apremarc
050 0 0 _aB133.C36
_bP3
100 1 _aPathak, Sarvanand,
_d1907-
245 1 0 _aCārvākadarśana kī śāstrīya samīkshā.
260 _c[1965]
300 _a2, 3, 2, 3, 248 p.
_bport.
_c23 cm.
500 _aAdded t. p. in English.
500 _aIn Hindi.
500 _aBibliography: p. [1]-3 (4th group)
600 0 0 _aCārvāka.
999 _c65043
_d65043